Datum a čas kvízu
12
Celkem bodů
Celkový počet nahraných bodů na tomto kvízu bez doplňovacích otázek.
10.
Pořadí na kvízu
Konečné umístění týmu na tomto kvízu.
Zaznamenané odpovědi
| # | Otázka | Odpověď | Body | Výsledky |
|---|---|---|---|---|
| 1. | Dle rozhodnutí soudu z minuléh... | Tomio Okamura | 0 | |
| 2. | Aktuálně nejstarším žijícím ps... | C | 0 | |
| 3. | Společnost Mattel vydala u pří... | královna Alžběta II. | 1 | |
| 4. | Jedna z českých nápojářských z... | Kofola | 1 | |
| 5. | Která bývalá úspěšná sportovky... | Maria Šarapovová | 0 | |
| 6. | Tímto tématem navazujeme v naš... | B | 0 | |
| 7. | Papírová dvacetikoruna byla v... | Přemysl Otakar I. | 0 | |
| 8. | V loňském roce oslavila své dv... | Met Gala | 0 | |
| 9. | Nyní se podíváme do periodické... | vápník | 0 | |
| 10. | Dne 13. prosince roku 1920 zal... | Haribo | 0 |